[Event "Chigorin Memorial"]
[Site "St Petersburg RUS"]
[Date "2013.10.11"]
[Round "7.85"]
[White "Krasovskiy, Sviatoslav"]
[Black "Yudkevich, Mikhail"]
[Result "1/2-1/2"]
[WhiteElo "2031"]
[BlackElo "2121"]
[WhiteFideId "24145696"]
[BlackFideId "4134486"]
[EventDate "2013.10.05"]

1. c4 e6 2. Nc3 d5 3. cxd5 exd5 4. d4 c6 5. Qc2 g6 6. e3 Bf5 7. Bd3 Bxd3 8. Qxd3
Nf6 9. Nge2 Bg7 10. h4 Nbd7 11. Nf4 Qe7 12. a4 Ne4 13. Nfxd5 Nec5 14. dxc5 Ne5
15. Nxe7 Nxd3+ 16. Ke2 Nxc5 17. Nxg6 hxg6 18. Ra3 O-O-O 19. Nb1 Ne4 20. b4 f5
21. Rb3 g5 22. g3 gxh4 23. gxh4 Rh5 24. Bb2 Bxb2 25. Rxb2 Rdh8 26. Nd2 Nc3+ 27.
Kd3 Nxa4 28. Ra2 Rd8+ 29. Kc2 b5 30. Nf3 c5 31. bxc5 f4 32. Nd4 fxe3 33. fxe3
Rxc5+ 34. Kd2 Rg8 35. Rh2 Rh5 36. e4 a6 37. Nf5 Kb7 38. Ke3 Kb6 39. Kf4 Nc3 40.
Rag2 Re8 41. Rg6+ Ka5 42. e5 Kb4 43. e6 Ka4 44. Kg4 Rh7 45. Nd6 Ree7 46. Nf5 Re8
47. Nd6 Ree7 48. Kf5 Rh5+ 49. Kg4 Re5 50. h5 R5xe6 51. Nf5 Re4+ 52. Kg5 R4e5 53.
Kg4 Re4+ 54. Kg5 R4e5 1/2-1/2

[Event "Chigorin Memorial"]
[Site "St Petersburg RUS"]
[Date "2013.10.11"]
[Round "7.86"]
[White "Kharchenko, Daniil"]
[Black "Khadzhiev, Valery"]
[Result "1-0"]
[WhiteElo "2023"]
[BlackElo "2107"]
[WhiteFideId "24101664"]
[BlackFideId "34154601"]
[EventDate "2013.10.05"]

1. e4 e6 2. d4 d5 3. e5 c5 4. c3 Qb6 5. Nf3 Bd7 6. a3 Bb5 7. c4 Bc6 8. b4 cxd4
9. c5 Qc7 10. Bd3 a5 11. Bb2 Bd7 12. O-O Nc6 13. Qe1 Nh6 14. Bb5 Be7 15. Bxc6
bxc6 16. Nxd4 O-O 17. Nd2 Rfb8 18. N2b3 a4 19. Nc1 Bxc5 20. Nd3 Be7 21. Rc1 Rb6
22. Qe2 Bc8 23. Nc5 Qa7 24. Qc2 Bf8 25. Rfe1 g6 26. Nd3 Bd7 27. Nf3 Rb5 28. Bd4
Qb8 29. Bc5 Bxc5 30. Nxc5 Be8 31. Nd4 Rb6 32. Qd2 Nf5 33. Nxf5 exf5 34. e6 Qd6
35. Qd4 Rbb8 36. Qf6 Qf8 37. Nd7 Bxd7 38. exd7 Rd8 39. Qxc6 Qh6 1-0

[Event "Chigorin Memorial"]
[Site "St Petersburg RUS"]
[Date "2013.10.11"]
[Round "7.88"]
[White "Korchagina, Viktoria"]
[Black "Shpakovsky, Kirill"]
[Result "1-0"]
[WhiteTitle "WFM"]
[WhiteElo "2079"]
[BlackElo "1891"]
[WhiteFideId "4197224"]
[BlackFideId "4168852"]
[EventDate "2013.10.05"]

1. e4 c6 2. d4 d5 3. Nc3 dxe4 4. Nxe4 Nf6 5. Nxf6+ gxf6 6. Nf3 Bf5 7. g3 e6 8.
Bg2 Bd6 9. c4 Nd7 10. Nh4 Bg6 11. Nxg6 hxg6 12. Bd2 Qc7 13. Qf3 O-O-O 14. O-O
Rh5 15. b4 Rdh8 16. h3 f5 17. a4 g5 18. c5 Be7 19. b5 Nf6 20. b6 axb6 21. cxb6
Qxb6 22. a5 Qa6 23. Rfb1 Ne4 24. Rb6 Qa7 25. Be3 Bd8 26. Rb3 Bxa5 27. g4 Rh4 28.
d5 c5 29. dxe6 fxe6 30. gxf5 Rf8 31. Qe2 exf5 32. Qb5 Qb6 33. Qxb6 Bxb6 34. Ra8+ 1-0

[Event "Chigorin Memorial"]
[Site "St Petersburg RUS"]
[Date "2013.10.11"]
[Round "7.89"]
[White "Larina, Marija"]
[Black "Gogin, Maksim"]
[Result "1/2-1/2"]
[WhiteTitle "WFM"]
[WhiteElo "2011"]
[BlackElo "2075"]
[WhiteFideId "24113182"]
[BlackFideId "24195871"]
[EventDate "2013.10.05"]

1. e4 c5 2. Nf3 e6 3. b3 d5 4. Bb5+ Bd7 5. Bxd7+ Qxd7 6. exd5 exd5 7. O-O Nf6 8.
d4 cxd4 9. Re1+ Ne4 10. Ng5 Be7 11. Nxe4 dxe4 12. Rxe4 Nc6 13. Ba3 O-O-O 14.
Bxe7 Nxe7 15. Nd2 f5 16. Re1 Nc6 17. Nc4 Qc7 18. Qf3 g6 19. a4 Rhe8 20. c3 Kb8
21. h3 a6 22. Rad1 Rxe1+ 23. Rxe1 dxc3 24. Qxc3 Nd4 25. a5 f4 26. Kh1 g5 27. Rd1
Nc6 28. Rxd8+ Qxd8 29. Nb6 h5 30. b4 g4 31. Qc4 f3 32. hxg4 Qh4+ 33. Kg1 Qxg4
34. Qxg4 hxg4 35. gxf3 gxf3 36. Kh2 Nxb4 37. Kg3 Nc6 38. Nc4 Nd4 39. Kf4 Nb3 40.
Kxf3 Kc7 41. Ke4 Kc6 42. f4 Kc5 43. Kd3 Nc1+ 44. Kd2 Kxc4 1/2-1/2

[Event "Chigorin Memorial"]
[Site "St Petersburg RUS"]
[Date "2013.10.11"]
[Round "7.90"]
[White "Shagdurov, Denis"]
[Black "Zhilchikov, Nikolai"]
[Result "0-1"]
[WhiteElo "1967"]
[BlackElo "2074"]
[WhiteFideId "24136735"]
[BlackFideId "4137264"]
[EventDate "2013.10.05"]

1. e4 c5 2. Nf3 d6 3. d4 cxd4 4. Nxd4 Nf6 5. Nc3 e6 6. g4 e5 7. Bb5+ Bd7 8.
Bxd7+ Qxd7 9. Nf5 h5 10. g5 Nxe4 11. Nxg7+ Bxg7 12. Nxe4 d5 13. Ng3 Nc6 14. c3
h4 15. Nh5 Rh7 16. Nxg7+ Rxg7 17. Qh5 O-O-O 18. Rg1 d4 19. Bd2 Qd5 20. Qg4+ Kb8
21. f3 f6 22. Qe4 Qxe4+ 23. fxe4 fxg5 24. h3 dxc3 25. bxc3 Rd3 26. Rh1 g4 27.
hxg4 Rxg4 28. O-O-O Rxe4 29. Kc2 Rf3 0-1

[Event "Chigorin Memorial"]
[Site "St Petersburg RUS"]
[Date "2013.10.11"]
[Round "7.91"]
[White "Mokshanov, Igor"]
[Black "Plotnikov, Vitaly"]
[Result "1-0"]
[WhiteElo "1888"]
[BlackElo "2065"]
[WhiteFideId "24121665"]
[BlackFideId "24118915"]
[EventDate "2013.10.05"]

1. e4 c6 2. d4 d5 3. exd5 cxd5 4. Bd3 Nc6 5. Nf3 Qc7 6. c3 Bg4 7. O-O Nf6 8. Re1
e6 9. Bg5 Bd6 10. h3 Bh5 11. Nbd2 Bg6 12. Nf1 Ne4 13. Bxe4 Bxe4 14. N3d2 Bg6 15.
Bh4 O-O 16. Bg3 b5 17. b4 Bxg3 18. Nxg3 a5 19. a3 Ne7 20. Nb3 Qxc3 21. Nxa5 Rfc8
22. Ne2 Qb2 23. Nf4 Nf5 24. Ne2 Nd6 25. Nf4 Bc2 26. Qd2 Ne4 27. Qe2 Qxd4 28.
Rac1 Ba4 29. Nc6 Rxc6 30. Rxc6 Bb3 31. Qe3 Qxe3 32. Rxe3 Bc4 33. a4 g5 34. Nh5
Kf8 35. a5 Ra7 36. f3 Nd2 37. Rc8+ Ke7 38. Rh8 d4 39. Re1 Bb3 40. Kf2 Nc4 41.
Ng3 Rd7 42. Ne4 Bc2 43. Rb8 d3 44. Rxb5 d2 45. Nxd2 Nxd2 46. a6 Bd3 47. Rb7 Bxa6
48. Rxd7+ Kxd7 49. Rd1 Kc6 50. Rxd2 h5 51. Rd8 f5 52. Rh8 g4 53. Rxh5 gxh3 54.
gxh3 Bd3 1-0

[Event "Chigorin Memorial"]
[Site "St Petersburg RUS"]
[Date "2013.10.11"]
[Round "7.92"]
[White "Aseev, Vladimir"]
[Black "Popov, Alexei"]
[Result "1-0"]
[WhiteElo "2064"]
[BlackElo "1858"]
[WhiteFideId "24121371"]
[BlackFideId "24195898"]
[EventDate "2013.10.05"]

1. d4 Nf6 2. Nf3 e6 3. Bf4 c5 4. e3 d5 5. c3 Nbd7 6. Nbd2 a6 7. a4 b6 8. Bd3 Bb7
9. O-O Be7 10. Ne5 O-O 11. Qf3 Nxe5 12. dxe5 Ne8 13. Qh3 g6 14. Bh6 Ng7 15. f4
Bc8 16. Nf3 f6 17. g4 f5 18. gxf5 exf5 19. Rad1 Qe8 20. Bc2 Be6 21. Rf2 Qf7 22.
Bb3 Rfd8 23. Rfd2 b5 24. Bg5 c4 25. Bc2 Nh5 26. Qh4 Kf8 27. axb5 axb5 28. Nd4
Ra6 29. Rb1 Rb8 30. Bd1 Bxg5 31. Qxg5 Ng7 32. Nc2 Rab6 33. Ra1 Qb7 34. Bf3 Bf7
35. Nb4 Ra8 36. Rad1 Qe7 37. Qxe7+ Kxe7 38. Bxd5 Rc8 39. Bxf7 Kxf7 40. Rd7+ Kf8
41. Ra7 g5 42. Rdd7 Rg6 43. Kf2 Ne8 44. Rxh7 Kg8 45. Rhd7 Rh6 46. Kg3 gxf4+ 47.
exf4 Rg6+ 48. Kf3 Rh6 49. Nd5 Kh8 50. Ne7 Rb8 51. Nxf5 Rxh2 52. Rf7 Nc7 53.
Raxc7 Rd8 54. Rcd7 Rxd7 55. Rxd7 Rh3+ 56. Ke4 Rh1 57. e6 Re1+ 58. Ne3 Kg8 59. f5
b4 60. f6 b3 61. f7+ Kg7 62. Rd8 Kh7 63. f8=Q Rxe3+ 64. Kxe3 1-0

[Event "Chigorin Memorial"]
[Site "St Petersburg RUS"]
[Date "2013.10.11"]
[Round "7.94"]
[White "Grinblat, Artemiy"]
[Black "Zhivotovskaya, Asya"]
[Result "1-0"]
[WhiteElo "2058"]
[BlackElo "1755"]
[WhiteFideId "14135272"]
[BlackFideId "24166014"]
[EventDate "2013.10.05"]

1. e4 c5 2. c3 d5 3. exd5 Qxd5 4. d4 Nf6 5. Nf3 e6 6. Na3 a6 7. Nc4 Nbd7 8. Ne3
Qc6 9. Bd3 Bd6 10. O-O O-O 11. Re1 b5 12. Nf1 Bb7 13. Bg5 Rfe8 14. Ne3 e5 15.
Bf1 h6 16. dxe5 Bxe5 17. Nxe5 Nxe5 18. Bf4 Rad8 19. Qc2 c4 20. Bxe5 Rxe5 21. Nf5
Qc5 22. Nd4 Rg5 23. Re3 Nh5 24. Rae1 g6 25. h4 Rg4 26. f3 Rxh4 27. Ne6 Be4 28.
Qxe4 Qe7 29. Nxd8 Rxe4 30. Rxe4 Qc5+ 31. Rd4 Ng3 32. Nb7 Qb6 33. Nd6 Kf8 34. Kf2
Nh5 35. Re8+ Kg7 36. Re7 Kg8 37. Rxf7 Ng7 38. Re7 Kf8 39. Re5 h5 40. Be2 h4 41.
Ke1 Qc7 42. Rf4+ Kg8 43. Rf6 Nh5 44. Re8+ Kg7 45. Rf7+ 1-0

[Event "Chigorin Memorial"]
[Site "St Petersburg RUS"]
[Date "2013.10.11"]
[Round "7.96"]
[White "Pankova, Julia"]
[Black "Kazakovskiy, Valeriy"]
[Result "0-1"]
[WhiteElo "1621"]
[BlackElo "2051"]
[WhiteFideId "34103276"]
[BlackFideId "13507443"]
[EventDate "2013.10.05"]

1. e4 e5 2. Nf3 Nc6 3. Bb5 a6 4. Ba4 Nf6 5. O-O Be7 6. Re1 b5 7. Bb3 O-O 8. a4
Bb7 9. d3 d6 10. Nbd2 Na5 11. Ba2 c5 12. c3 h6 13. Nf1 Re8 14. Ne3 Bf8 15. b4
cxb4 16. cxb4 Nc6 17. Qb3 Qd7 18. Bb2 g6 19. Bc3 Bg7 20. Nh4 Nd4 21. Bxd4 exd4
22. Nd5 bxa4 23. Qa3 Nxd5 24. exd5 Rac8 25. Bc4 Rxe1+ 26. Rxe1 Re8 27. Rxe8+
Qxe8 28. Nf3 g5 29. Kf1 f5 30. Qb2 g4 31. Ne1 Qe5 32. Qa2 Qe8 33. Qb2 Bc8 34. b5
axb5 35. Bxb5 Bd7 36. Bxd7 Qxd7 37. Nc2 Kh7 38. Na3 Qc7 39. Nc4 Qc5 40. Qa3 Qxa3
41. Nxa3 Kg6 42. Ke2 Kf6 43. Nc2 Ke5 44. Nb4 h5 45. Kd2 h4 46. Ke2 Bh6 47. Ke1
h3 48. gxh3 gxh3 49. Kf1 Bf4 50. Kg1 Bd2 51. Na2 Kf4 52. Kf1 Kf3 53. Kg1 Ke2 0-1

[Event "Chigorin Memorial"]
[Site "St Petersburg RUS"]
[Date "2013.10.11"]
[Round "7.97"]
[White "Senkevich, Konstantin"]
[Black "Sokolov, Ilia"]
[Result "1/2-1/2"]
[WhiteElo "2039"]
[BlackElo "1792"]
[WhiteFideId "4192389"]
[BlackFideId "34107468"]
[EventDate "2013.10.05"]

1. e4 e6 2. e5 d5 3. exd6 Bxd6 4. d4 b6 5. Nf3 Bb7 6. Bd3 h6 7. O-O Nf6 8. Ne5
Bxe5 9. dxe5 Qd5 10. f3 Qxe5 11. Nc3 O-O 12. Re1 Qc5+ 13. Be3 Qe7 14. Qd2 Nbd7
15. Bf4 Rad8 16. Qf2 Qc5 17. Be3 Qe7 18. Rad1 Ne5 19. Bf1 Nd5 20. Nxd5 Rxd5 21.
Rxd5 Bxd5 22. Bd4 Ng6 23. c4 Bb7 24. b3 Rd8 25. Qb2 Qh4 26. Bf2 Qg5 27. Be3 Qa5
28. Qf2 Qf5 29. Qg3 Qf6 30. Qxc7 Qe7 31. Qxe7 Nxe7 32. Be2 Nf5 33. Kf2 Kf8 34.
Rd1 Rxd1 35. Bxd1 Nxe3 36. Kxe3 Ke7 37. Kd4 Kd6 38. b4 e5+ 39. Ke3 g5 40. Bb3 f5
41. Bc2 f4+ 42. Ke2 e4 43. Bxe4 Bxe4 44. fxe4 g4 45. Kd3 h5 46. Ke2 Kd7 1/2-1/2

[Event "Chigorin Memorial"]
[Site "St Petersburg RUS"]
[Date "2013.10.11"]
[Round "7.98"]
[White "Glazov, Anatoly"]
[Black "Grachev, Andrey"]
[Result "0-1"]
[WhiteElo "1900"]
[BlackElo "2110"]
[WhiteFideId "4192281"]
[BlackFideId "24138290"]
[EventDate "2013.10.05"]

1. c4 d6 2. d4 e5 3. dxe5 dxe5 4. Qxd8+ Kxd8 5. Nc3 c6 6. Nf3 f6 7. e4 Be6 8.
Be3 Nd7 9. O-O-O Kc7 10. Be2 g6 11. Rd3 Nh6 12. h3 Nf7 13. Rhd1 Be7 14. Nd2 Nc5
15. Bxc5 Bxc5 16. Rf3 Be7 17. Rd3 Rhd8 18. g4 Rxd3 19. Bxd3 Ng5 20. h4 Nh3 21.
f3 Nf2 22. Be2 Nxd1 23. Kxd1 Rd8 24. Kc2 h5 25. a3 Rh8 26. gxh5 Rxh5 27. f4 Rxh4
28. fxe5 fxe5 29. Nf3 Rh5 30. b4 Bf6 31. b5 Rh3 32. c5 g5 33. a4 g4 34. Ne1 Rh2
35. Kd3 Bh4 36. Kd2 Rh1 37. Ng2 Bg5+ 38. Kd3 Rh3+ 39. Kc2 Rh2 40. Ne1 g3 41. Nf3
Bg4 42. Nxh2 gxh2 43. Bxg4 h1=Q 44. Bf5 Qc1+ 45. Kb3 Bd2 46. Na2 Qb1+ 47. Ka3
Be3 0-1

[Event "Chigorin Memorial"]
[Site "St Petersburg RUS"]
[Date "2013.10.11"]
[Round "7.100"]
[White "Krasnikov, Mikhail"]
[Black "Erenberg, Ariel"]
[Result "0-1"]
[WhiteElo "1846"]
[BlackElo "2029"]
[WhiteFideId "24113140"]
[BlackFideId "2811634"]
[EventDate "2013.10.05"]

1. d4 d5 2. c4 dxc4 3. Nf3 Nf6 4. e3 e6 5. Bxc4 a6 6. O-O c5 7. Nc3 b5 8. Bb3
Bb7 9. Qe2 Nbd7 10. Rd1 Qb8 11. Bc2 Bd6 12. h3 h6 13. b3 O-O 14. Bb2 cxd4 15.
Rxd4 Bxf3 16. Qxf3 Be5 17. Rd2 Rc8 18. Nd1 Bxb2 19. Nxb2 Ne5 20. Qe2 Ra7 21.
Rad1 Nd5 22. Qh5 Nd7 23. Be4 N7f6 24. Qf3 Nxe4 25. Qxe4 Nc3 26. Qc2 Nxd1 27.
Qxd1 Rac7 28. Nd3 Rc3 29. f4 Qc7 30. Kh2 Rc2 31. Rf2 Rxf2 32. Nxf2 Qc2 33. Qd7
Rf8 34. Ng4 Qxa2 35. Qd3 Qa5 36. e4 Qd8 37. Qg3 Kh8 38. h4 Qd4 39. Qf3 f6 40. f5
Qd6+ 41. Kh3 exf5 42. Qxf5 Re8 43. Qg6 Qd3+ 44. g3 Qxe4 45. Qf7 Qh1+ 46. Nh2 Re2
47. Kg4 Qe4+ 48. Kh3 Qf5+ 0-1

[Event "Chigorin Memorial"]
[Site "St Petersburg RUS"]
[Date "2013.10.11"]
[Round "7.101"]
[White "Utkin, Vladimir"]
[Black "Sedykh, Egor"]
[Result "1-0"]
[WhiteElo "2025"]
[BlackElo "1899"]
[WhiteFideId "24112160"]
[BlackFideId "24176320"]
[EventDate "2013.10.05"]

1. c4 Nf6 2. Nc3 g6 3. g3 Bg7 4. Bg2 c5 5. Nf3 O-O 6. d4 cxd4 7. Nxd4 Nc6 8. O-O
Nxd4 9. Qxd4 d6 10. Qd3 Nd7 11. b3 Nc5 12. Qd2 Bf5 13. Bb2 Rb8 14. e4 Bd7 15.
Rfd1 a6 16. Rac1 Bc6 17. Nd5 Bxd5 18. Bxg7 Kxg7 19. Qxd5 Qc7 20. b4 Ne6 21. Bh3
Nd8 22. b5 Qb6 23. a4 axb5 24. axb5 Ne6 25. e5 Rbd8 26. Bg2 Nc5 27. exd6 Qxd6
28. Qxd6 Rxd6 29. Rxd6 exd6 30. Rd1 Rd8 31. f4 b6 32. Kf2 Kf6 33. Ra1 Re8 34.
Bd5 Nd3+ 35. Kf1 Nb4 36. Ra6 Nxd5 37. cxd5 Rb8 38. Kf2 Rb7 39. g4 g5 40. Kf3 h6
41. Kg3 Ke7 42. h4 gxh4+ 43. Kxh4 f5 44. g5 hxg5+ 45. Kxg5 Rc7 46. Kxf5 Rc5 47.
Ra7+ Kf8 48. Kf6 Kg8 49. Ra8+ Kh7 50. Ke6 Rxb5 51. Kxd6 Kg7 52. Ke6 1-0

[Event "Chigorin Memorial"]
[Site "St Petersburg RUS"]
[Date "2013.10.11"]
[Round "7.102"]
[White "Shemenko, Georgy"]
[Black "Klukin, Kirill"]
[Result "1-0"]
[WhiteElo "1802"]
[BlackElo "2024"]
[WhiteFideId "34112879"]
[BlackFideId "24199273"]
[EventDate "2013.10.05"]

1. e4 c5 2. Nf3 Nc6 3. Bb5 d6 4. Bxc6+ bxc6 5. O-O Bg4 6. h3 Bh5 7. Re1 e5 8. d3
Be7 9. c4 Nf6 10. Nc3 O-O 11. b3 Qd7 12. Bb2 Rfe8 13. Qe2 h6 14. Qe3 Nh7 15. Nh2
Ng5 16. Ne2 Ne6 17. g4 Bg6 18. Qg3 a5 19. Nc3 Qd8 20. Nf3 Nf4 21. Rad1 f6 22.
Bc1 Ne6 23. Nh4 Bf7 24. Nf5 Bf8 25. Kh2 Kh7 26. Rf1 g6 27. Nh4 Nd4 28. Nf3 f5
29. Nxd4 exd4 30. Na4 fxe4 31. Rfe1 d5 32. Nb2 g5 33. Kg1 Bd6 34. Qg2 Bg6 35.
Kf1 Qf6 36. Bd2 Bf4 37. Bc1 Bc7 38. Kg1 Rab8 39. Na4 Bd6 40. Bd2 Ra8 41. cxd5
cxd5 42. Nb6 Bh2+ 43. Qxh2 Qxb6 44. h4 gxh4 45. Qxh4 Bf7 46. Kg2 a4 47. Rh1 e3
48. fxe3 dxe3 49. Rhf1 exd2 50. Rxf7+ Kg8 51. Rf6 Re2+ 52. Kf3 Re6 53. g5 h5 54.
Qf4 d4 55. Qf5 Qb7+ 56. Kf2 Rxf6 57. gxf6 Qf7 58. Rg1+ Kh8 59. Rg7 d1=N+ 60. Kg1
Qxg7+ 61. fxg7+ Kxg7 62. Qg5+ Kf8 63. Qxc5+ 1-0

[Event "Chigorin Memorial"]
[Site "St Petersburg RUS"]
[Date "2013.10.11"]
[Round "7.103"]
[White "Opanasenko, Mikhail"]
[Black "Aleksandrov, Grigoriy"]
[Result "1/2-1/2"]
[WhiteElo "2009"]
[BlackElo "1890"]
[WhiteFideId "24176834"]
[BlackFideId "24199656"]
[EventDate "2013.10.05"]

1. e4 c5 2. Nf3 d6 3. d4 cxd4 4. Qxd4 Nc6 5. Bb5 Qa5+ 6. Nc3 Qxb5 7. Nxb5 Nxd4
8. Nfxd4 Kd8 9. Be3 Nf6 10. f3 a6 11. Nc3 e6 12. O-O-O Bd7 13. a4 Bc6 14. g4 d5
15. g5 Nd7 16. exd5 exd5 17. Nb3 Kc8 18. a5 Bd6 19. Nxd5 Re8 20. Bf2 Bxd5 21.
Rxd5 Bf4+ 22. Kb1 Re5 23. Rxe5 Nxe5 24. Bg3 Ng6 25. Bxf4 Nxf4 26. Re1 Kd7 27.
Nc5+ Kc6 28. b4 Nd5 29. Nd3 Kd6 30. c4 Ne7 31. Kb2 Rc8 32. Kc3 h6 33. gxh6 gxh6
34. Nc5 Rc7 35. Rd1+ Kc6 36. Rd8 Ng6 37. Rd5 Re7 38. Ne4 Ne5 39. Rd6+ Kc7 40.
Rxh6 Nxf3 41. Nf6 Re3+ 42. Kc2 Re2+ 43. Kd3 Rxh2 44. Nd5+ Kb8 45. Rf6 Rh3 46.
Ke4 Nd2+ 47. Kd4 Rh4+ 1/2-1/2

[Event "Chigorin Memorial"]
[Site "St Petersburg RUS"]
[Date "2013.10.11"]
[Round "7.104"]
[White "Dushin, Nikolay"]
[Black "Nuritdinov, Nizomiddin"]
[Result "0-1"]
[WhiteElo "2006"]
[BlackElo "1882"]
[WhiteFideId "4114612"]
[BlackFideId "14203820"]
[EventDate "2013.10.05"]

1. c4 Nf6 2. Nf3 e6 3. g3 b6 4. Bg2 Bb7 5. O-O Be7 6. b3 d6 7. Bb2 Nbd7 8. Qc2
h6 9. d3 Rb8 10. Nc3 a6 11. e4 c6 12. a4 O-O 13. d4 Qc7 14. Rfd1 Nh7 15. h4 Nhf6
16. Qe2 e5 17. Ba3 Rfe8 18. Bh3 Bf8 19. dxe5 dxe5 20. Bxf8 Nxf8 21. b4 Bc8 22.
Bxc8 Qxc8 23. Rd6 Qc7 24. Rad1 Rbd8 25. c5 b5 26. Qd3 Rb8 27. a5 Rbc8 28. Kg2
Qe7 29. Qc2 Ng4 30. R1d2 Red8 31. Qd1 Re8 32. Ne1 h5 33. Nc2 Rc7 34. f3 Nf6 35.
Ne3 g6 36. Ne2 Ne6 37. Qa1 Nf8 38. Nd1 Rec8 39. Nf2 Ne8 40. Qd1 Ra7 41. R6d3
Rcc7 42. Nh3 f6 43. g4 hxg4 44. fxg4 Qe6 45. Ng3 Rh7 46. h5 Rhg7 47. Nf2 gxh5
48. gxh5 Rg5 49. Nh3 Rg4 50. Nf2 Rh4 51. Qf3 Rg7 52. Kf1 Rf4 53. Qh1 Qc4 54. Nf5
Rg5 55. Nd6 Qe6 56. Ke2 Nxd6 57. cxd6 Nd7 58. h6 Kh7 59. Qc1 Rg2 60. Rf3 Qg4 0-1

[Event "Chigorin Memorial"]
[Site "St Petersburg RUS"]
[Date "2013.10.11"]
[Round "7.105"]
[White "Kazantsev, Nikita"]
[Black "Kunin, Pavel"]
[Result "1/2-1/2"]
[WhiteElo "1999"]
[BlackElo "1880"]
[WhiteFideId "24175633"]
[BlackFideId "34107093"]
[EventDate "2013.10.05"]

1. e4 e5 2. Nf3 d6 3. d4 exd4 4. Nxd4 Nf6 5. Nc3 Be7 6. Bc4 O-O 7. O-O Nxe4 8.
Nxe4 d5 9. Bd3 dxe4 10. Bxe4 Na6 11. Bf4 Nc5 12. Bf3 c6 13. Re1 Bf6 14. c3 Ne6
15. Nxe6 Bxe6 16. Qc2 Qb6 17. Be3 Qa5 18. a4 Rfd8 19. b4 Qa6 20. b5 Qa5 21. Bd4
Bxd4 22. cxd4 Rxd4 23. bxc6 bxc6 24. Qxc6 Rad8 25. Qb5 Qc3 26. Rac1 Qb4 27. Qxb4
Rxb4 28. a5 Ra4 29. Ra1 Rxa1 30. Rxa1 Kf8 31. h3 Ke7 32. Rb1 Rd7 33. Kh2 Bd5 34.
Bg4 Rb7 35. Re1+ Kd6 36. Re8 Rb5 37. Rd8+ Kc5 38. Rc8+ Kb4 39. a6 Rc5 40. Rb8+
Ka5 41. Be2 g6 42. Kg3 f6 43. Rd8 Bc4 44. Bxc4 Rxc4 45. Rd6 f5 46. h4 Kb5 47.
Rd7 Kxa6 48. Rxh7 Kb6 49. Rh6 Rc6 50. h5 gxh5 51. Rxh5 Rc5 52. Kf4 a5 53. Rh8 1/2-1/2

[Event "Chigorin Memorial"]
[Site "St Petersburg RUS"]
[Date "2013.10.11"]
[Round "7.107"]
[White "Gantsevich, Aleksey A."]
[Black "Skvortsov, Sergey"]
[Result "1-0"]
[WhiteElo "1614"]
[BlackElo "1980"]
[WhiteFideId "24195863"]
[BlackFideId "24188689"]
[EventDate "2013.10.05"]

1. e4 c6 2. d4 d5 3. Nc3 dxe4 4. Nxe4 Bf5 5. Ng3 Bg6 6. h4 h6 7. Nf3 e6 8. h5
Bh7 9. Bd3 Bxd3 10. Qxd3 Nd7 11. Bd2 Ngf6 12. O-O-O c5 13. Ne4 Qc7 14. Nxf6+
Nxf6 15. dxc5 Bxc5 16. Qb5+ Qc6 17. Qe2 O-O 18. Rhg1 Rac8 19. Kb1 Qa4 20. g4 Rc6
21. g5 hxg5 22. Bxg5 Ng4 23. b3 Rb6 24. Ka1 Qb4 25. Bd2 Qa3 26. Rxg4 Ra6 27. Ra4
Rxa4 28. bxa4 Qxa4 29. Bc3 Rc8 30. Qe5 Bxf2 31. Rg1 Rc5 32. Rxg7+ Kh8 1-0

[Event "Chigorin Memorial"]
[Site "St Petersburg RUS"]
[Date "2013.10.11"]
[Round "7.108"]
[White "Kopasov, Evgeny"]
[Black "Golubeva, Maria"]
[Result "1-0"]
[WhiteElo "1975"]
[BlackElo "1864"]
[WhiteFideId "4181239"]
[BlackFideId "24135542"]
[EventDate "2013.10.05"]

1. d4 d5 2. Nf3 Nf6 3. Bf4 Bf5 4. e3 e6 5. Nbd2 Nbd7 6. Be2 c5 7. c3 Be7 8. Nh4
Bg6 9. Nxg6 hxg6 10. Bd3 c4 11. Bc2 b5 12. O-O Nb6 13. e4 a6 14. h3 O-O 15. e5
Nfd7 16. Qg4 Kh7 17. h4 Kg8 18. Nf3 Re8 19. g3 Nf8 20. Kg2 Nbd7 21. Rh1 f5 22.
Qh3 Kf7 23. Ng5+ Bxg5 24. Bxg5 Qc7 25. h5 gxh5 26. Qxh5+ Ng6 27. Qf3 Rh8 28.
Bxf5 Ngxe5 29. dxe5 Nxe5 30. Bxe6+ Kxe6 31. Rhe1 Rae8 32. Bf4 Kd6 33. Rxe5 1-0

[Event "Chigorin Memorial"]
[Site "St Petersburg RUS"]
[Date "2013.10.11"]
[Round "7.109"]
[White "Lazarev, Alexander A."]
[Black "Gudkina, Zhanna"]
[Result "1/2-1/2"]
[WhiteElo "1945"]
[BlackElo "1846"]
[WhiteFideId "34109452"]
[BlackFideId "24102318"]
[EventDate "2013.10.05"]

1. e4 e6 2. d4 d5 3. e5 c5 4. c3 Nc6 5. Nf3 Qb6 6. a3 Nh6 7. Bd3 Nf5 8. Bxf5
exf5 9. O-O Be6 10. dxc5 Bxc5 11. b4 Be7 12. Nbd2 O-O 13. Nb3 a5 14. Bf4 axb4
15. axb4 Qb5 16. Nfd4 Qc4 17. Qd2 Rfc8 18. Rfc1 Rxa1 19. Rxa1 Nxd4 20. Nxd4 Qxc3
21. Qxc3 Rxc3 22. Ra8+ Rc8 23. Rxc8+ Bxc8 24. Bd2 Be6 25. Kf1 Kf8 26. Ke2 Ke8
27. f4 h5 28. Nf3 Kd7 29. h4 g6 30. g3 Kc6 31. Nd4+ Kd7 32. Kd3 Kc7 33. Nc2 Kc6
34. Na3 Kc7 35. Kd4 Kc6 36. Kd3 Kc7 37. Kd4 Kc6 38. Kd3 Kc7 39. Kd4 Kc6 40. Kd3 1/2-1/2

[Event "Chigorin Memorial"]
[Site "St Petersburg RUS"]
[Date "2013.10.11"]
[Round "7.111"]
[White "Yakovlev, Yuri S."]
[Black "Mushak, Alexander"]
[Result "1-0"]
[WhiteElo "1940"]
[BlackElo "1801"]
[WhiteFideId "4173929"]
[BlackFideId "24134082"]
[EventDate "2013.10.05"]

1. e4 g6 2. d4 Bg7 3. Be3 d6 4. Qd2 Nc6 5. c4 e5 6. d5 Nce7 7. Nc3 f5 8. f3 h6
9. Bd3 Nf6 10. Nge2 f4 11. Bf2 g5 12. h3 Ng6 13. c5 Bf8 14. cxd6 Bxd6 15. Nb5 a6
16. Qa5 Bd7 17. Nxd6+ cxd6 18. Bb6 Qe7 19. Rc1 Rc8 20. Rc7 Rxc7 21. Bxc7 Bc8 22.
Kf2 Nd7 23. b4 Kf7 24. Rc1 Re8 25. Bb6 Nxb6 26. Qxb6 Qd8 27. Qxd8 Rxd8 28. Rc7+
Ne7 29. a4 Rd7 30. Rc1 b5 31. axb5 axb5 32. Bxb5 Rb7 33. Ba6 Rb8 34. b5 Bd7 35.
Nc3 Nc8 36. Na4 Nb6 37. Nxb6 Rxb6 38. Rc7 Ke8 39. Bc8 Bxb5 40. Rh7 Bd3 41. Kg1
Rb1+ 42. Kh2 Rb2 43. Rxh6 Bf1 44. Kg1 Bxg2 45. Bg4 Ke7 46. Re6+ Kf7 47. Rxd6
Bxf3 48. Bxf3 Rb3 49. Bh5+ Kf8 50. Rf6+ Ke7 51. Re6+ Kd7 52. Rxe5 Rg3+ 53. Kh2
Kd6 54. Re6+ Kc5 55. d6 Rd3 56. Bg4 Rd2+ 57. Kg1 f3 58. Bxf3 Kd4 59. Bg2 Ke3 60.
Rf6 1-0